| 000 | 00629nam a22002177a 4500 | ||
|---|---|---|---|
| 008 | 150930b xxu||||| |||| 00| 0 eng d | ||
| 020 | _a002439730X | ||
| 041 | 0 | _aeng | |
| 080 | _a311.42 | ||
| 100 | 1 | _aMcClave, James T. | |
| 245 | 1 | 0 |
_aStatistics for business and economics / _ces T. McClave, P. George Benson, Terry Sincich. |
| 250 | _a4th ed. | ||
| 260 |
_aSan Francisco: _bDellen publishing company; _c1988. |
||
| 300 |
_a1267 f.: _bme il.; _c25 cm. |
||
| 650 | 0 | _aStatistika për biznes | |
| 650 | 0 | _aEkonomi | |
| 650 | 0 | _aStatistikë | |
| 700 | 1 | _aBenson, P. George, | |
| 700 | 1 | _aSincich, Terry. | |
| 942 |
_2udc _cBK |
||
| 999 |
_c1191 _d1191 |
||